000 00643nam a2200241Ia 4500
003 OSt
005 20221007062256.0
006 a|||||r|||| 00| 0
007 ta
008 221006b |||||||| |||| 00| 0 eng d
024 _a4,827
037 _cTextual
040 _aFLL
_cFLL
_beng
041 _2eng
_aeng
082 _aZ2,84qM87, M4
100 _aShukla R.D. Au.
_9682508
245 0 _aProvincial small cause court act,1887
250 _a2nd
260 _aAllahabad
_bHind pub.house India
_c1984
300 _axii,260p
_ccm.
942 _hZ2,84qM87, M4
_cTEXL
_2CC
999 _c1128186
_d1128186